A prop : 2005 : activitats turístiques a prop de Barcelona 2005 :
Descripción Física:
128 p. : il. col. fot. ; 22 cm
Materias:
Turisme -- Barcelona (Província)
MARC
| LEADER | 00000nam a2200000Ia 4500 | ||
|---|---|---|---|
| 001 | 16778 | ||
| 008 | 160829s2005 xx 000 0 cat d | ||
| 080 | |a M-5-89 | ||
| 245 | 2 | |a A prop : |b 2005 : |b activitats turístiques a prop de Barcelona | |
| 260 | |a [Barcelona] : |b Oficina de Promoció Turística de la Diputació de Barcelona, |c 2005 | ||
| 300 | |a 128 p. : |b il. col. fot. ; |c 22 cm | ||
| 590 | |a A la coberta: Turisme Total. | ||
| 590 | |a Inclou Agenda. | ||
| 590 | |a Índex | ||
| 650 | 0 | |a Turisme |z Barcelona (Província) |9 32796 | |
| 710 | 1 | |a Barcelona (Catalunya : Província). |b Oficina de Promoció Turística |9 51402 | |
| 710 | 1 | |a Barcelona (Catalunya : Província). |b Diputació |9 52408 | |
| 901 | |a Arxiu | ||
| 942 | |n 1 | ||
| 952 | |0 0 |1 0 |4 0 |6 M589 |7 1 |9 43357 |a Arxiu |b Arxiu |d 2016-12-01 |l 0 |o M-5-89 |p 16778 |r 2016-12-01 00:00:00 |w 2016-12-01 |y ARXIU | ||
| 999 | |c 45902 |d 45902 | ||